Т. 15, № 5; Катализ в промышленности

Dettagli Bibliografici
Parent link:Катализ в промышленности=Catalysis in industry: научно-практический рецензируемый журнал/ Российская академия наук (РАН), Сибирское отделение (СО), Институт катализа им. Г. К. Борескова (ИК) ; ООО "Калвис". Т. 15, № 5.— , 2007-2017, 2020-.— 1816-0387
Lingua:russo
Pubblicazione: 2015
Natura: MixedMaterials Libro
KOHA link:https://koha.lib.tpu.ru/cgi-bin/koha/opac-detail.pl?biblionumber=551246

MARC

LEADER 00000nam2a2200000 4500
001 551246
005 20231101120810.0
035 |a (RuTPU)RU\TPU\prd\244828 
090 |a 551246 
100 |a 20151109a20019999k y0rusy50 ca 
101 0 |a rus 
102 |a RU 
200 0 |a Т. 15, № 5 
210 |d 2015 
461 1 |0 (RuTPU)RU\TPU\prd\49822  |x 1816-0387  |t Катализ в промышленности  |l Catalysis in industry  |o научно-практический рецензируемый журнал  |f Российская академия наук (РАН), Сибирское отделение (СО), Институт катализа им. Г. К. Борескова (ИК) ; ООО "Калвис"  |v Т. 15, № 5  |d 2007-2017, 2020- 
801 0 |a RU  |b 63413507  |c 20010227  |g PSBO 
801 1 |a RU  |b 63413507  |c 20151109 
801 2 |a RU  |b 63413507  |c 20230517  |g RCR 
942 |c BK 
999 |a НТБ_ТПУ  |b НФ  |e -1/20150112  |p П-9428  |s 1/20150608  |u 0,00  |v 1